Bundesländer Click-Quiz - Statistiken

Allgemein
  • Dieses Quiz wurde 58 mal gespielt
  • Das Durchschnittsergebnis liegt bei 10 aus 16
Antwortstatistiken
Hint Antwort % Korrekt
Zeche Zollverein Nordrhein-Westfalen
84%
Speicherstadt Hamburg
80%
Weserstadion Bremen
78%
Völkerschlachtdenkmal Sachsen
75%
Burg Hohenzollern Baden-Württemberg
71%
Havelland Brandenburg
67%
Wilhelmshöhe Hessen
67%
Rothenburg ob der Tauber Bayern
65%
Porta Nigra Rheinland-Pfalz
65%
Norderney Niedersachsen
61%
Travemünde Schleswig-Holstein
59%
Völklinger Hütte Saarland
57%
Quedlinburg Sachsen-Anhalt
57%
Kyffhäuserdenkmal Thüringen
53%
Oberbaumbrücke Berlin
43%
Königsstuhl Mecklenburg-Vorpommern
27%
Keine übereinstimmenden Quizze gefunden
Verteilung der Resultate
Anzahl Personen mit jedem Resultat
Perzentil nach korrekt beantworteten Fragen
Ihre Resultats-Entwicklung
Sie haben dieses Quiz noch nicht gespielt